1518 1752 1191 1055 1764 1204 1057 1719 1585 1263 1446 1396 1827 1304 1813 1219 1984 1671 1597 1742 1765 1207 1435 1752 1773 1292 1431 1569 1658 1877 1547 1801 1066 1705 1197 1025 1394 1786 1158 1849 1552 1150 1828 1242 1591 1957 1215 1668 1228 1946 1821 1388 1204 1042 1711 1294 1030 1246 1163 1345 1607 1893 1057 1104 1934 1712 1021 1968 1273 1589 1902 1247 1328 1791 1983 1246 1437 1412 1699 1781 1566 1386 1592 1813 1364 1850 1285 1197 1591 1104 1124 1162 1489 1056 1089 1821 1328 1242 1560 BCNSPRNW ULIB Ver.6.0+V

เปลี่ยนเป็นภาษาไทย

Change to English
 แสดงรายละเอียดบรรณานุกรม
  กลับหน้าหลัก

Brief Record : Get Marc (ISO 2709) : E-mail record : QR code < ปิดหน้าต่าง
LEADER : 00000nam 2200000uu 4500
001    13399125957
003     ULIB
008    020711s2560 th a 000 0 tha d
060    ^aWY20.5^bข226น
100    ^aขนิษฐา นันนทบุตร และคณะ
245    ^aแนวทางการพัฒนานวัตกรรมการสร้างเสริมสุขภาพสำหรับพยาบาล
250    พิมพ์ครั้งที่ 2
260    ^aกรุงเทพฯ :^bสภาการพยาบาล,^c2560
300    ^a84 หน้า;^c30 ซม.
650    ^aพยาบาล-นวัตกรรม
945    ^p0^l0^i003397
999    ^aประนอม เกษจรัล
รายการนี้ยังไม่มีแท็ก
คุณยังไม่ได้ล็อกอิน คุณสามารถมีกิจกรรมร่วมกับเว็บไซต์ได้ แต่ต้องล็อกอินก่อน ::
  ล็อกอิน

รายการสื่อสารสนเทศ

ลำดับที่ ประเภท เลขเรียก/บาร์โค้ด สถานที่ สถานะ
1. วิทยาศาสตร์การแพทย์ และสุขภาพ
วิทยาศาสตร์การแพทย์ และสุขภาพ
WY20.5 ข226น ฉ.1 
  Barcode: 003397
ห้องสมุดวิทยาเขตสวรรค์ประชารักษ์
►หนังสือทั่วไป
บนชั้น

รายการใกล้เคียง
    หัวเรื่อง [พยาบาล-นวัตกรรม]

BibComment


ยังไม่เคยถูกคอมเมนท์

คอมเมนท์ทรัพยากรรายการนี้
  คอมเมนท์: แนวทางการพัฒนานว..


 Copyright 2026. Bcnsprnw @Library